000 nam a22 7a 4500
999 _c7322
_d7322
008 170811b xxu||||| |||| 00| 0 eng d
100 _aWorls book corporation
_93860
245 _aThe world book
260 _aLondon
_bWorld book